000 00348 a2200157 4500
001 69067
020 _a8574881643
040 _cAnchieta - Itaigara
240 1 0 _aO lobo e os sete cabritinhos
_lpor
245 1 0 _aO lobo e os sete cabritinhos
300 _a16
362 0 _a0
440 1 _aGirassol
650 4 _aLiteratura infantil
942 _cBK
999 _c69067
_d69067